The Easements Act (V of 1882) with Commentary / (Record no. 585992)

000 -LEADER
fixed length control field 00404nam a22001217a 4500
082 ## - DEWEY DECIMAL CLASSIFICATION NUMBER
Classification number 346.54910435 MOK
100 ## - MAIN ENTRY--PERSONAL NAME
Personal name Mokal, Sardar Muhammad Iqbal Khan
245 ## - TITLE STATEMENT
Title The Easements Act (V of 1882) with Commentary /
Statement of responsibility, etc. Sardar Muhammad Iqbal Khan Mokal
260 ## - PUBLICATION, DISTRIBUTION, ETC.
Place of publication, distribution, etc. Lahore :
Name of publisher, distributor, etc. PLD Publishers,
Date of publication, distribution, etc. 2019.
300 ## - PHYSICAL DESCRIPTION
Extent 134 p. ;
Dimensions 24 cm.
942 ## - ADDED ENTRY ELEMENTS (KOHA)
Source of classification or shelving scheme
Koha item type Book
Holdings
Withdrawn status Lost status Source of classification or shelving scheme Damaged status Not for loan Permanent Location Current Location Shelving location Date acquired Full call number Barcode Date last seen Price effective from Koha item type Total Checkouts
          NUST Law School (NLS) NUST Law School (NLS) Law 07/19/2021 346.54910435 MOK CL-576 07/19/2021 07/19/2021 Book  
          NUST Law School (NLS) NUST Law School (NLS)   03/19/2025 346.54910435 MOK NLS-1508 03/19/2025 03/19/2025 Book  
          NUST Law School (NLS) NUST Law School (NLS)   06/29/2025 346.54910435 MOK NLS-3043 06/29/2025 06/29/2025 Book  
          NUST Law School (NLS) NUST Law School (NLS)   06/29/2025 346.54910435 MOK NLS-3044 06/29/2025 06/29/2025 Book  
          NUST Law School (NLS) NUST Law School (NLS)   06/29/2025 346.54910435 MOK NLS-3045 06/29/2025 06/29/2025 Book  
          NUST Law School (NLS) NUST Law School (NLS)   06/29/2025 346.54910435 MOK NLS-3046 06/29/2025 06/29/2025 Book  
© 2023 Central Library, National University of Sciences and Technology. All Rights Reserved.